| 000 | 00461nam a2200169 a 4500 | ||
|---|---|---|---|
| 005 | 20250116063834.0 | ||
| 008 | 991125 1974 mx 000 0 spa u | ||
| 035 | _aUPN01000038245 | ||
| 049 | _aCG | ||
| 050 | 4 |
_aLA400 _bM4.4 1972 |
|
| 111 | 2 |
_aMesa Redonda sobre Nuevas Interrelaciones Educativas _d(1972 : _cMéxico) |
|
| 245 | 1 | 0 | _aMemorias. |
| 260 |
_aMéxico : _bILCE : _bUNESCO, _c1974. |
||
| 300 | _a114 p. | ||
| 650 | 4 |
_aEducación _9682 |
|
| 905 | _aLibro | ||
| 999 |
_c38245 _d38245 |
||